Práce z dějin Akademie věd

Bibliographic Details
Format: Serial
Language:Czech
Polish
Slovak
PhysicalDescription:zv. fotogr. 21 cm
Published: Praha Masarykův ústav Archiv Akademie věd České republiky 2009-
ISSN:1803-9448
Subjects:

MARC

LEADER 00000cas a2200000 a 4500
001 vtls010485932
003 SK-MaSNL
005 20260425194127.0
008 130128c20099999xr fr 0 b0cze c
022 |a 1803-9448 
040 |a SAVUK  |b slo  |c SAVUK  |d SNK  |e AACR2 
041 0 |a cze  |a pol  |a slo  |b eng 
043 |a e-xr--- 
044 |a xr  |c CZ 
072 7 |a 00  |x Veda. Všeobecnosti. Základy vedy a kultúry. Vedecká práca  |2 konspekt 
080 |a 001.32  |2 2001 
080 |a 001(091)  |2 2001 
080 |a 001:061  |2 2001 
080 |a (437.3)  |2 2001 
210 0 |a Pr. děj. Akad. věd  |b (Masaryk. úst. Arch. Akad. věd Čes. repub.) 
222 0 |a Práce z dějin Akademie věd  |b (Masarykův ústav a Archiv Akademie věd České republiky) 
245 0 0 |a Práce z dějin Akademie věd 
246 1 3 |a Práce z dějin Akademie věd České republiky 
246 1 3 |a Práce z dějin AV ČR 
260 |a Praha  |b Masarykův ústav  |b Archiv Akademie věd České republiky  |c 2009- 
300 |a zv.  |b fotogr.  |c 21 cm 
310 |a 2x ročne 
362 0 |a Roč. 1, č. 1 (2009)- 
500 |a Popis podľa č. 1/2012 
504 |a Pozn. 
546 |a Čiast. text v slov. 
650 0 7 |a akadémie vied  |2 SNKPH  |9 261078 
650 0 7 |a dejiny vedy  |2 SNKPH  |9 69770 
650 0 7 |a vedecké inštitúcie a organizácie  |2 SNKPH  |9 71697 
650 0 7 |a Academies of science  |2 SNKPHeng  |9 268177 
650 0 7 |a History of science  |2 SNKPHeng  |9 268178 
650 0 7 |a Scientific institutions and organizations  |2 SNKPHeng  |9 268179 
651 7 |a Česko  |2 SNKPH  |9 16753 
651 7 |a Czechia  |2 SAVUKPHeng  |9 170107 
655 7 |a odborné časopisy  |2 SNKPH  |9 70505 
655 7 |a Professional journals  |2 SNKPHeng  |9 265007 
910 |a savuk 
910 |a snk 
999 |c 4631  |d 6561 
952 |t č. 1-2  |a SNK  |b SNK  |y PREZ  |7 0  |p 17A1520763  |o snkČSC 4243/1/2009  |i snk2023/11966  |8 2  |0 0  |1 0  |4 0  |d 2023-08-11  |l 0  |r 2026-02-21 19:50:18  |w 2026-02-21 
952 |t č. 1-2  |a SNK  |b SNK  |y PREZ  |7 0  |p 17A1521175  |o snkČSC 4243/2/2010  |i snk2023/11967  |8 2  |0 0  |1 0  |4 0  |d 2023-08-11  |l 0  |r 2026-02-21 19:50:19  |w 2026-02-21 
952 |t č. 1-2  |a SNK  |b SNK  |y PREZ  |7 0  |p 17A1521176  |o snkČSC 4243/3/2011  |i snk2023/11968  |8 2  |0 0  |1 0  |4 0  |d 2023-08-11  |l 0  |r 2026-02-21 19:50:19  |w 2026-02-21 
952 |t č. 1-2  |a SNK  |b SNK  |y PREZ  |7 0  |p 17A1521177  |o snkČSC 4243/4/2012  |i snk2023/11969  |8 2  |0 0  |1 0  |4 0  |d 2023-08-11  |l 0  |r 2026-02-21 19:50:19  |w 2026-02-21 
952 |t č. 1-2  |a SNK  |b SNK  |y PREZ  |7 0  |p 17A1521178  |o snkČSC 4243/5/2013  |i snk2023/11970  |8 2  |0 0  |1 0  |4 0  |d 2023-08-11  |l 0  |r 2026-02-21 19:50:19  |w 2026-02-21 
952 |t č. 1-2  |a SNK  |b SNK  |y PREZ  |7 0  |p 17A1521179  |o snkČSC 4243/6/2014  |i snk2023/11973  |8 2  |0 0  |1 0  |4 0  |d 2023-08-11  |l 0  |r 2026-02-21 19:50:19  |w 2026-02-21 
952 |t č. 1-2  |a SNK  |b SNK  |y PREZ  |7 0  |p 17A1521180  |o snkČSC 4243/7/2015  |i snk2023/11974  |8 2  |0 0  |1 0  |4 0  |d 2023-08-11  |l 0  |r 2026-02-21 19:50:19  |w 2026-02-21 
952 |t č. 1-2  |a SNK  |b SNK  |y PREZ  |7 0  |p 17A1521181  |o snkČSC 4243/8/2016  |i snk2023/11975  |8 2  |0 0  |1 0  |4 0  |d 2023-08-11  |l 0  |r 2026-02-21 19:50:19  |w 2026-02-21 
952 |t č. 1-2  |a SNK  |b SNK  |y PREZ  |7 0  |p 17A1521182  |o snkČSC 4243/9/2017  |i snk2023/11977  |8 2  |0 0  |1 0  |4 0  |d 2023-08-11  |l 0  |r 2026-02-21 19:50:19  |w 2026-02-21 
952 |t č. 1-2  |a SNK  |b SNK  |y PREZ  |7 0  |p 17A1521183  |o snkČSC 4243/10/2018  |i snk2023/11979  |8 2  |0 0  |1 0  |4 0  |d 2023-08-11  |l 0  |r 2026-02-21 19:50:19  |w 2026-02-21 
952 |t č. 1-2  |a SNK  |b SNK  |y PREZ  |7 0  |p 17A1521184  |o snkČSC 4243/11/2019  |i snk2023/11980  |8 2  |0 0  |1 0  |4 0  |d 2023-08-11  |l 0  |r 2026-02-21 19:50:19  |w 2026-02-21 
952 |t č. 1-2  |a SNK  |b SNK  |y PREZ  |7 0  |p 17A1521185  |o snkČSC 4243/12/2020  |i snk2023/11981  |8 2  |0 0  |1 0  |4 0  |d 2023-08-11  |l 0  |r 2026-02-21 19:50:19  |w 2026-02-21 
952 |t č. 1-2  |a SNK  |b SNK  |y PREZ  |7 0  |p 17A1521186  |o snkČSC 4243/13/2021  |i snk2023/11982  |8 2  |0 0  |1 0  |4 0  |d 2023-08-11  |l 0  |r 2026-02-21 19:50:19  |w 2026-02-21 
952 |t č. 1-2  |a SNK  |b SNK  |y PREZ  |7 0  |p 17A1523092  |o snkČSC 4243/14/2022  |i snk2024/8141  |8 2  |0 0  |1 0  |4 0  |d 2024-05-23  |l 0  |r 2026-02-21 19:58:00  |w 2026-02-21 
952 |t č. 1-2  |a SNK  |b SNK  |y PREZ  |7 0  |p 17A1557221  |o snkČSC 4243/15/2023  |i snk2025/12982  |8 2  |0 0  |1 0  |4 0  |d 2025-08-13  |l 0  |r 2026-02-21 21:11:24  |w 2026-02-21